书目信息 |
| 题名: |
中西交通史料汇编
|
|
| 作者: | 张星粮 编注 | |
| 分册: | 第五册 | |
| 出版信息: | 北京 中华书局 1978 |
|
| 页数: | 237页 | |
| 开本: | 19cm | |
| 丛书名: | ||
| 单 册: | ||
| 中图分类: | F511.9 | |
| 科图分类: | ||
| 主题词: | 交通运输史:国际关系史-中外关系--史料 , 中外关系-交通运输史--史料 , 交通运输史-中外关系--史料 , 交通运输经济--概况--世界 | |
| 电子资源: | ||
| ISBN: | ||
| 000 | 00783nam0 2200265 45 | |
| 001 | 0178003741 | |
| 005 | 20060816083857.89 | |
| 010 | @dCNY0.70 | |
| 091 | @a11018.742 | |
| 100 | @a19950714d1978 em y0chiy0121 ea | |
| 101 | 0 | @achi |
| 102 | @aCN@b110000 | |
| 105 | @ay z 000yy | |
| 200 | 10 | @a中西交通史料汇编@Azhong xi jiao tong shi liao hui bian@h第五册@f张星粮编注@Fzhang xing liang bian zhu |
| 210 | @a北京@c中华书局@d1978 | |
| 215 | @a237页@d19cm | |
| 300 | @a内部发行 | |
| 606 | @a交通运输史:国际关系史-中外关系@x史料 | |
| 606 | @a中外关系-交通运输史@x史料 | |
| 606 | @a交通运输史-中外关系@x史料 | |
| 606 | 0 | @a交通运输经济@x概况@x世界 |
| 690 | @aF511.9@v4 | |
| 701 | 0 | @a张星粮@Azhang xing liang@4编注 |
| 801 | 0 | @aCN@bTSSF@c20060816 |
| 905 | @a10447@dF511.9@e2:5 | |
| 中西交通史料汇编.第五册/张星粮编注.-北京:中华书局,1978 |
| 237页;19cm |
| 内部发行 |
| ISBN :CNY0.70 |
| ● |
| 相关链接 |
|
|
|
|
正题名:中西交通史料汇编
索取号:F511.9/2:5
 
预约/预借
| 序号 | 登录号 | 条形码 | 馆藏地/架位号 | 状态 | 备注 |
| 1 | 0002510 | 202225573 | 密集书库/ [索取号:F511.9/2:5] | 在馆 | |
| 2 | 0425739 | 204257393 | 密集书库/ [索取号:F511.9/2:5] | 在馆 | |
| 3 | 0464742 | 204647427 | 密集书库/ [索取号:F511.9/2:5] | 在馆 |